Noah Baumbach Movies - Director's Filmography - Statistics

General Stats
  • This quiz has been taken 5 times
  • The average score is 6 of 18
Answer Stats
Year Movie Director Writer Producer % Correct
2005 The Squid and the Whale Yes Yes No
100%
2012 Frances Ha Yes Yes Yes
80%
1995 Kicking & Screaming Yes Yes No
80%
2023 Barbie No Yes Executive
60%
2019 Marriage Story Yes Yes Yes
60%
2010 Greenberg Yes Yes No
40%
2025 Jay Kelly Yes Yes Yes
40%
2007 Margot at the Wedding Yes Yes No
40%
2017 The Meyerowitz Stories (New & Selected) Yes Yes Yes
40%
2012 Madagascar 3: Europe's Most Wanted No Yes No
20%
2022 White Noise Yes Yes Yes
20%
2015 De Palma Yes N/A Yes
0%
2009 Fantastic Mr. Fox No Yes No
0%
2002 Highball Yes Yes No
0%
2015 Mistress America Yes Yes Yes
0%
1997 Mr. Jealousy Yes Yes No
0%
2004 The Life Aquatic with Steve Zissou No Yes No
0%
2014 While We're Young Yes Yes Yes
0%
No matching quizzes found
Score Distribution
Percent of People with Each Score
Percentile by Number Answered
Your Score History
You have not taken this quiz